Evolution saisonniere de la structure des communautes microbiennes dans un reservoir D'eau potable (Registro nro. 9425)

Detalles MARC
000 -CABECERA
Campo de control 007920000a22002290004500
090 ## - CLASIFICACIÓN LOCAL
Colección AR
Consecutivo 00327
041 0# - IDIOMA
Código de idioma para texto/pista de sonido o título separado
100 1# - ASIENTO PRINCIPAL--NOMBRE PERSONAL
Nombre personal Amblard, Christian
245 10 - MENCION DE TITULO
Título Evolution saisonniere de la structure des communautes microbiennes dans un reservoir D'eau potable
246 3# - FORMA VARIANTE DEL TITULO
Título propiamente dicho/forma breve del título Seasonal evolution of microbial community structure in a drinking water reservoir
650 14 - ASIENTO SECUNDARIO DE MATERIA - TERMINO TEMATICO
Término temático o nombre geográfico como elemento de entrada Agua
650 14 - ASIENTO SECUNDARIO DE MATERIA - TERMINO TEMATICO
Término temático o nombre geográfico como elemento de entrada Tratamiento del agua
650 14 - ASIENTO SECUNDARIO DE MATERIA - TERMINO TEMATICO
Término temático o nombre geográfico como elemento de entrada Comunidades microbianas
650 14 - ASIENTO SECUNDARIO DE MATERIA - TERMINO TEMATICO
Término temático o nombre geográfico como elemento de entrada Zooplancton
650 14 - ASIENTO SECUNDARIO DE MATERIA - TERMINO TEMATICO
Término temático o nombre geográfico como elemento de entrada Protozoarios
700 1# - ASIENTO SECUNDARIO - NOMBRE PERSONAL
Nombre personal Bourdier, Gilles
700 1# - ASIENTO SECUNDARIO - NOMBRE PERSONAL
Nombre personal Francois Carrias, Jean
700 1# - ASIENTO SECUNDARIO - NOMBRE PERSONAL
Nombre personal Maurin, Nadine
700 1# - ASIENTO SECUNDARIO - NOMBRE PERSONAL
Nombre personal Quiblier, Catherine
773 1# - Item fuente:
Título Wat. Res.
Especificación de materiales 136
Descripción física 3
Paginas del Articulo 613-1624
Lugar, editorial y fecha de publicación 1996
Información sobre la relación 30
942 ## - ELEMENTOS ADICIONALES (KOHA)
Tipo de ítem Artículo
Existencias
Withdrawn status Lost status Damaged status No para préstamo Colección Ubicación Permanente Ubicación actual Fecha de adquisición Fuente de Valor Datos de publicación Seriada Total Checkouts Número topográfico Inventario / Código de Barras Date last seen Ejemplar Price effective from Forma de adquisición Tipo de material
      No para Préstamo Hemeroteca Bogotá Bogotá 27/02/2015 Franco, Ana María Fuera de circulación   AR 00327 010580 25/03/2015 1 25/03/2015   Artículo